Miasta w województwie śląskim - Statystyki

Ogólne statystyki
  • Ten quiz został rozwiązany 135 razy
    40 od ostatniego zresetowania
  • Średni wynik to 53 z 75
Statystyki odpowiedzi
Miasto Liczba mieszkańców % Poprawnych
Bytom 145 346
100%
Częstochowa 202 415
100%
Gliwice 167 568
100%
Katowice 277 884
100%
Bielsko-Biała 163 605
95%
Chorzów 98 897
95%
Dąbrowa Górnicza 111 737
95%
Ruda Śląska 128 138
95%
Sosnowiec 183 962
95%
Rybnik 129 307
90%
Zabrze 151 542
90%
Żywiec 29 273
90%
Cieszyn 32 348
85%
Jaworzno 85 695
85%
Myszków 28 803
85%
Pszczyna 24 621
85%
Tychy 120 518
85%
Wisła 10 446
85%
Zawiercie 45 242
85%
Czechowice-Dziedzice 34 561
80%
Racibórz 48 898
80%
Tarnowskie Góry 61 149
80%
Żory 61 887
80%
Będzin 52 858
75%
Jastrzębie-Zdrój 80 843
75%
Lubliniec 23 077
75%
Mysłowice 70 468
75%
Piekary Śląskie 51 193
75%
Siemianowice Śląskie 62 571
75%
Skoczów 13 108
75%
Szczyrk 5138
75%
Wodzisław Śląski 44 244
75%
Czeladź 29 430
70%
Czerwionka-Leszczyny 26 113
70%
Kłobuck 12 080
70%
Knurów 35 072
70%
Olsztyn 2438
70%
Radlin 16 650
70%
Radzionków 15 946
70%
Świętochłowice 44 777
70%
Ustroń 15 809
70%
Bieruń 18 676
65%
Blachownia 8938
65%
Mikołów 41 492
65%
Koniecpol 5230
60%
Koziegłowy 2371
60%
Kuźnia Raciborska 4554
60%
Łaziska Górne 20 883
60%
Lędziny 16 221
60%
Miasteczko Śląskie 6854
60%
Pilica 1731
60%
Pyskowice 17 203
60%
Rydułtowy 19 889
60%
Sośnicowice 1976
60%
Strumień 3509
60%
Toszek 3466
60%
Imielin 9432
55%
Kalety 8052
55%
Krzanowice 1960
55%
Krzepice 4058
55%
Łazy 6260
55%
Ogrodzieniec 3801
55%
Orzesze 22 231
55%
Pszów 12 807
55%
Siewierz 5783
55%
Sławków 6768
55%
Wilamowice 3161
55%
Woźniki 4076
55%
Żarki 4295
55%
Poręba 7981
50%
Przyrów 1085
50%
Szczekociny 3276
50%
Włodowice 1160
50%
Wojkowice 8333
50%
Janów 1000
45%
Nie znaleziono quizów pasujących do podanych kryteriów
Rozkład punktacji
Procent ludzi z każdym wynikiem
Percentyl według liczby udzielonych odpowiedzi
Twoja historia wyników
Nie rozwiązałeś tego quizu od ostatniego zresetowania